000 01202nam0a22002411 4500
001 rc\3711286
005 20250610063601.0
035 _a(NLR Aleph) 007768634
090 _a7444128
_c7444128
100 _a20130115d1973 |||y0rusy50 ca
101 0 _arus
102 _aRU
105 _aa z |||||
200 1 _aСварка
_fМ-во энергетики и электрификации СССР. ГлавНИИПроект. Центр. науч.-техн. информации по энергетике и электрификации Информэнерго
210 _aМосква
_cИнформэнерго
_d1973
215 _a43 с.
_cил.
_d29
225 1 _aПатентная информация
_iСерия: Строительная индустрия, строительные машины, оборудование, механизмы, приспособления, транспортные средства
_iОтечественные и зарубежные изобретения
_vВып. 3 (19), ч. 2
300 _aНа обл. только загл. серии
801 0 _aRU
_bNLR
_gpsbo
801 1 _aRU
_bELAR
_2rusmarc
852 _aNLR
_jПтП2/12
942 _cBOOK
980 _aNB